O caminho do peregrino (Record no. 15994)
[ view plain ]
| 000 -Etiqueta do registo | |
|---|---|
| Valores | 00712nam a2200229 4500 |
| 010 ## - Número ISBN | |
| ISBN | 9789897391705 |
| 021 ## - Número do Depósito Legal | |
| Número | 502730/22 |
| 100 ## - Dados gerais de processamento | |
| Dados gerais | 20221026d2022 m y0pory50030103ba |
| 200 1# - Titulo e menção de responsabilidade | |
| Título próprio | O caminho do peregrino |
| Primeira menção de responsabilidade | John Bunyan |
| Outras menções de responsabilidade | trad. Cláudio Blanc |
| 205 ## - Menção da edição | |
| Edição | 1ªed |
| 210 #9 - Publicação | |
| Local de publicação | Porto |
| Nome do editor | Albatroz, |
| Data de publicação | 2022 |
| 215 ## - Descrição física | |
| Paginação / Volumes | 209, [3] p. |
| Outras indicações físicas | il. |
| Dimensões | 24 cm |
| 304 ## - Nota relativa ao título | |
| Texto de nota | Tít. orig.: The pilgrim's progress |
| 675 ## - CDU | |
| Notação | 27-29 |
| Edição | BN |
| Língua | por |
| 675 ## - CDU | |
| Notação | 821.111-97"16" |
| Edição | BN |
| Língua | por |
| 700 #1 - Autor principal (pessoa individual) | |
| Apelido | Bunyan, |
| Nome | John, |
| Datas | 1628-1688 |
| 702 #1 - Autor secundário (pessoa individual) | |
| Apelido | Blanc, |
| Nome | Cláudio |
| 801 #0 - Fonte de origem | |
| País | PT |
| Agência | BN |
| Regras de catalogação | RPC |
| 856 41 - Localização e acesso electrónico | |
| URL | <a href="http://rnod.bnportugal.gov.pt/ImagesBN/winlibimg.aspx?skey=&doc=2113417&img=170786&save=true">http://rnod.bnportugal.gov.pt/ImagesBN/winlibimg.aspx?skey=&doc=2113417&img=170786&save=true</a> |
| 990 ## - Elementos KOHA | |
| Tipo de documento | Livro |
| Situação do levantamento | Estado | Número | Biblioteca de origem | Código de barras | Cota | Permissão de empréstimo | Tipo de documento | Forma de aquisição |
|---|---|---|---|---|---|---|---|---|
| BMA | Biblioteca Municipal do Alandroal | 18086/24 | 27-29 BUN | Livro | Compra |